000 00392nam a22001697a 4500
005 20180625114121.0
008 160618b xxu||||| |||| 00| 0 eng d
020 _a978-0-07-065690-2
041 _aeng
082 _b8143
_a658
100 _aLeon, Alexis
_94404
245 _aEnterprise resource planning
260 _bTMH
_c2010
300 _a281
650 _aManagement
_9241
942 _cBK
999 _c3104
_d3103